000 00509nam a22001817a 4500
005 20230130151153.0
008 230128b |||||||| |||| 00| 0 eng d
020 _a978-1-3856946-1
041 _aeng
082 _a615.1 LIE-P
100 _aLIEBERMAN,HERBENT A., RIEGER, MARTIN M AND BANKER , GILBERT S.
_97497
245 _aPHARMACEUTICAL DOSAGE FORMS: DISPERSE SYSTEM VOL -3
250 _a2nd ed.
260 _bCBS PUBLICATION
300 _a559;P.
650 _aPHARMACY
_xB.PHARMA
_97083
942 _cBK
999 _c8221
_d8219